LEADER 00956nam0-2200325---450- 001 990009966170403321 005 20150609093024.0 010 $a978-88-430-7324-5 035 $a000996617 035 $aFED01000996617 035 $a(Aleph)000996617FED01 035 $a000996617 100 $a20150520d2014----km-y0itay50------ba 101 0 $aita 102 $aIT 105 $aa-------001yy 200 1 $a<>pensiero geopolitico$espazio, potere e imperialismo tra Otto e Novecento$fPatricia Chiantera-Stutte 210 $aRoma$cCarocci$d2014 215 $a231 p.$cill.$d22 cm 225 1 $aStudi superiori$v946 610 0 $aGeopolitica$aSec. 19.-20. 676 $a911$v22$zita 700 1$aChiantera-Stutte,$bPatricia$0471391 801 0$aIT$bUNINA$gREICAT$2UNIMARC 901 $aBK 912 $a990009966170403321 952 $aCollez. 971 (946)$b375/2015$fFSPBC 959 $aFSPBC 996 $aPensiero geopolitico$91079224 997 $aUNINA LEADER 04655nas# 2200517 i 450 001 SUN0000339 005 20160503105629.140 010 $d0.00 011 $a0005-9935 100 $a20020508a1948 |0gerc50 ba 101 $ager 102 $aDE 105 $a|||| ||||| 110 $aaW||||||||| 200 1 $aDer *Betrieb$eWochenschrift für Betriebswirtschaft Steuerrecht Wirtschaftsrecht Arbeitsrecht 205 $aJahrg. 1, H. 1(1948)- 207 $aDüsseldorf ; Frankfurt : Handelsblatt, 1948- 210 $avolumi$a31 cm 215 $aSettimanale. 606 $aDiritto privato$xPeriodici$2FI$3SUNC032303 620 $dDüsseldorf$3SUNL000388 620 $dFrankfurt$3SUNL001054 676 $a346.4306605$cDiritto privato. Società. Germania. Seriali.$v21 712 $aHandelsblatt$3SUNV002363$4650 801 $aIT$bSOL$c20181109$gRICA 899 $aUFFICIO DI BIBLIOTECA DEL DIPARTIMENTO DI GIURISPRUDENZA$2SUN00$41994-1997; 2002; 2004-2015; lac. 1997;$cSALA BIANCA sc. 4 ; 912 $aSUN0000339 950 $aUFFICIO DI BIBLIOTECA DEL DIPARTIMENTO DI GIURISPRUDENZA$b00 1994-1997; 2002; 2004-2015; lac. 1997;$d00 RIV SALA BIANCA sc. 4 2012 $e00 DG 2654 $d00 RIV SALA BIANCA sc. 4 1995 $e00 RIV298 $d00 RIV SALA BIANCA sc. 4 1994 $e00 RIV299 $d00 RIV SALA BIANCA sc. 4 1996 $e00 RIV300 $d00 RIV SALA BIANCA sc. 4 1997 $e00 RIV301 $d00 RIV SALA BIANCA sc. 4 2002 $e00 RIV302 $d00 RIV SALA BIANCA sc. 4 2004 $e00 RIV303 $d00 RIV SALA BIANCA sc. 4 2005 $e00 RIV304 $d00 RIV SALA BIANCA sc. 4 2006 $e00 RIV305 $d00 RIV SALA BIANCA sc. 4 2007 $e00 RIV306 $d00 RIV SALA BIANCA sc. 4 2008 $e00 RIV307 $d00 RIV SALA BIANCA sc. 4 2009 $e00 RIV308 $d00 RIV SALA BIANCA sc. 4 2010 $e00 RIV309 $d00 RIV SALA BIANCA sc. 4 2011 $e00 RIV5366 $d00 RIV SALA BIANCA sc. 4 2014 $e00 SBG7 $d00 RIV SALA BIANCA sc. 4 2015 $e00 UBG393 995 $aUFFICIO DI BIBLIOTECA DEL DIPARTIMENTO DI GIURISPRUDENZA$gDG$h2654$kRIV SALA BIANCA sc. 4 2012$oc$qa 995 $aUFFICIO DI BIBLIOTECA DEL DIPARTIMENTO DI GIURISPRUDENZA$gRIV$h298$kRIV SALA BIANCA sc. 4 1995$oc$pp$qa 995 $aUFFICIO DI BIBLIOTECA DEL DIPARTIMENTO DI GIURISPRUDENZA$gRIV$h299$kRIV SALA BIANCA sc. 4 1994$oc$pp$qa 995 $aUFFICIO DI BIBLIOTECA DEL DIPARTIMENTO DI GIURISPRUDENZA$gRIV$h300$kRIV SALA BIANCA sc. 4 1996$oc$pp$qa 995 $aUFFICIO DI BIBLIOTECA DEL DIPARTIMENTO DI GIURISPRUDENZA$gRIV$h301$kRIV SALA BIANCA sc. 4 1997$oc$pp$qa 995 $aUFFICIO DI BIBLIOTECA DEL DIPARTIMENTO DI GIURISPRUDENZA$gRIV$h302$kRIV SALA BIANCA sc. 4 2002$oc$pp$qa 995 $aUFFICIO DI BIBLIOTECA DEL DIPARTIMENTO DI GIURISPRUDENZA$gRIV$h303$kRIV SALA BIANCA sc. 4 2004$oc$pp$qa 995 $aUFFICIO DI BIBLIOTECA DEL DIPARTIMENTO DI GIURISPRUDENZA$gRIV$h304$kRIV SALA BIANCA sc. 4 2005$oc$pp$qa 995 $aUFFICIO DI BIBLIOTECA DEL DIPARTIMENTO DI GIURISPRUDENZA$gRIV$h305$kRIV SALA BIANCA sc. 4 2006$oc$pp$qa 995 $aUFFICIO DI BIBLIOTECA DEL DIPARTIMENTO DI GIURISPRUDENZA$gRIV$h306$kRIV SALA BIANCA sc. 4 2007$oc$pp$qa 995 $aUFFICIO DI BIBLIOTECA DEL DIPARTIMENTO DI GIURISPRUDENZA$gRIV$h307$kRIV SALA BIANCA sc. 4 2008$oc$pp$qa 995 $aUFFICIO DI BIBLIOTECA DEL DIPARTIMENTO DI GIURISPRUDENZA$gRIV$h308$kRIV SALA BIANCA sc. 4 2009$oc$pp$qa 995 $aUFFICIO DI BIBLIOTECA DEL DIPARTIMENTO DI GIURISPRUDENZA$gRIV$h309$kRIV SALA BIANCA sc. 4 2010$oc$pp$qa 995 $aUFFICIO DI BIBLIOTECA DEL DIPARTIMENTO DI GIURISPRUDENZA$gRIV$h5366$kRIV SALA BIANCA sc. 4 2011$oc$pp$qa 995 $aUFFICIO DI BIBLIOTECA DEL DIPARTIMENTO DI GIURISPRUDENZA$gSBG$h7$kRIV SALA BIANCA sc. 4 2014$oc$qa 995 $aUFFICIO DI BIBLIOTECA DEL DIPARTIMENTO DI GIURISPRUDENZA$gUBG$h393$kRIV SALA BIANCA sc. 4 2015$oc$qa 996 $aBetrieb$9799570 997 $aUNICAMPANIA